ბათუმის შოთა რუსთაველის სახელმწიფო უნივერსიტეტის ბიბლიოთეკა

ზოგადი და არაორგანული ქიმიის კურსი : მეორე ნაწილი : სახელმძღვ. / (ბიბ.ჩანაწერი № 37577)

000 -ლიდერი
ფიქსირებული სიგრძის საკონტროლო ველი 01137nam a2200253Ia 4500
001 - საკონტროლო ნომერი
საკონტროლო ველი 3547
003 - საკონტროლო ნომრის იდენტიფიკატორი
საკონტროლო ველი GE_BSU
005 - ბოლო ოპერაციის თარიღი და დრო
საკონტროლო ველი 20190528182607.0
008 - ფიქსირებული სიგრძის მონაცემთა ელემენტები - ზოგადი ინფორმაცია
ფიქსირებული სიგრძის საკონტროლო ველი 181216s1998|||| |||||||||||||| ||geo||
020 ## - წიგნის საერთაშორისო სტანდარტული ნომერი
International Standard Book Number 5505021966
040 ## - კატალოგიზაციის წყარო
Transcribing agency GE_BSU
041 ## - ენის კოდი
Language code of text/sound track or separate title geo
080 ## - უნივერსალური ათობითი კლასიფიკაციის ინდექსი
Universal Decimal Classification number 54(075.8)+546(075.8) ც-66
100 ## - მთავარი ჩანაწერი - პიროვნების სახელი
Personal name ცინცაძე, გ.
9 (RLIN) 1759
245 ## - ცნობა სათაურის შესახებ
Title ზოგადი და არაორგანული ქიმიის კურსი : მეორე ნაწილი : სახელმძღვ. /
Statement of responsibility, etc გ.ცინცაძე ; ვ. კოკოჩაშვილი ; თ. ცეცხლაძე ; რედ : ი. სემიკინა.
264 ## - წარმოების, გამოცემის, დისტრიბუციის და სხვა ცნობები
გამოცემის, წარმოების, დისტრიბუციის... ადგილი თბილისი :
გამოცემის, წარმოების, დისტრიბუციის... სახელწოდება განათლება,
გამოცემის, წარმოების, დისტრიბუციის... თარიღი 1998.
300 ## - ფიზიკური აღწერა
Extent 678 გვ .:
Other physical details ცხ;
Dimensions 23 სმ.
653 ## - INDEX TERM--UNCONTROLLED
Uncontrolled term ზოგადი და არაორგანული ქიმია
653 ## - INDEX TERM--UNCONTROLLED
Uncontrolled term ქიმია
700 ## - ADDED ENTRY--PERSONAL NAME
Personal name კოკოჩაშვილი, ვ
9 (RLIN) 1760
700 ## - ADDED ENTRY--PERSONAL NAME
Personal name ცეცხლაძე, თ
9 (RLIN) 1761
700 ## - ADDED ENTRY--PERSONAL NAME
Personal name სემიკინა, ი
Relator term რედაქტორი
9 (RLIN) 1337
942 ## - ADDED ENTRY ELEMENTS (KOHA)
Koha item type წიგნი
Source of classification or shelving scheme
ეგზემპლარები
ჩამოწერის სტატუსი დაკარგული ეგზემპლარის სტატუსი კლასიფიკაციის წყარო ან თაროზე გაწყობის სქემა დაზიანების სტატუსი არ გაიცემა მუდმივი მდებარეობა (დაცვის ადგილი) ამჟამინდელი ადგილსამყოფელი თაროზე განთავსების ადგილი შეძენის თარიღი სრული შენახვის შიფრი შტრიხკოდი ბოლო ოპერაციის თარიღი ეგზემპლარის მიმდევრობითი ნომერი (კეტერი?) ფასის ძალაში შესვლის თარიღი ეგზემპლარის სახეობა
          ტექნოლოგიური ფაკულტეტის ბიბლიოთეკა ტექნოლოგიური ფაკულტეტის ბიბლიოთეკა წიგნსაცავი 2018-12-17 54(075.8)+546(075.8) ც-66 9666 2018-12-17 9666 2018-12-17 წიგნი
          ტექნოლოგიური ფაკულტეტის ბიბლიოთეკა ტექნოლოგიური ფაკულტეტის ბიბლიოთეკა წიგნსაცავი 2018-12-17 54(075.8)+546(075.8) ც-66 9667 2018-12-17 9667 2018-12-17 წიგნი
          ტექნოლოგიური ფაკულტეტის ბიბლიოთეკა ტექნოლოგიური ფაკულტეტის ბიბლიოთეკა წიგნსაცავი 2018-12-17 54(075.8)+546(075.8) ც-66 9668 2018-12-17 9668 2018-12-17 წიგნი
          ტექნოლოგიური ფაკულტეტის ბიბლიოთეკა ტექნოლოგიური ფაკულტეტის ბიბლიოთეკა წიგნსაცავი 2018-12-17 54(075.8)+546(075.8) ც-66 9669 2018-12-17 9669 2018-12-17 წიგნი
          ტექნოლოგიური ფაკულტეტის ბიბლიოთეკა ტექნოლოგიური ფაკულტეტის ბიბლიოთეკა წიგნსაცავი 2018-12-17 54(075.8)+546(075.8) ც-66 9670 2018-12-17 9670 2018-12-17 წიგნი
          ტექნოლოგიური ფაკულტეტის ბიბლიოთეკა ტექნოლოგიური ფაკულტეტის ბიბლიოთეკა წიგნსაცავი 2018-12-17 54(075.8)+546(075.8) ც-66 9671 2018-12-17 9671 2018-12-17 წიგნი
          ტექნოლოგიური ფაკულტეტის ბიბლიოთეკა ტექნოლოგიური ფაკულტეტის ბიბლიოთეკა წიგნსაცავი 2018-12-17 54(075.8)+546(075.8) ც-66 9672 2018-12-17 9672 2018-12-17 წიგნი
          ტექნოლოგიური ფაკულტეტის ბიბლიოთეკა ტექნოლოგიური ფაკულტეტის ბიბლიოთეკა წიგნსაცავი 2018-12-17 54(075.8)+546(075.8) ც-66 9673 2018-12-17 9673 2018-12-17 წიგნი